<?xml version="1.0" encoding="UTF-8"?>
<record
    xmlns:xsi="http://www.w3.org/2001/XMLSchema-instance"
    xsi:schemaLocation="http://www.loc.gov/MARC21/slim http://www.loc.gov/standards/marcxml/schema/MARC21slim.xsd"
    xmlns="http://www.loc.gov/MARC21/slim">

  <leader>00779cam a22002294a 4500</leader>
  <datafield tag="999" ind1=" " ind2=" ">
    <subfield code="c">121895</subfield>
    <subfield code="d">121895</subfield>
  </datafield>
  <controlfield tag="001">15717420</controlfield>
  <controlfield tag="005">20210409114844.0</controlfield>
  <controlfield tag="008">090218s2009    ii af    b    001 0 eng  </controlfield>
  <datafield tag="020" ind1=" " ind2=" ">
    <subfield code="a">9788189833510</subfield>
  </datafield>
  <datafield tag="020" ind1=" " ind2=" ">
    <subfield code="a">8189833510</subfield>
  </datafield>
  <datafield tag="040" ind1=" " ind2=" ">
    <subfield code="c">PK-LaUMT</subfield>
  </datafield>
  <datafield tag="082" ind1=" " ind2=" ">
    <subfield code="a">956.1</subfield>
    <subfield code="b">EDI-E</subfield>
  </datafield>
  <datafield tag="100" ind1="1" ind2=" ">
    <subfield code="a">Edib, Halide</subfield>
  </datafield>
  <datafield tag="245" ind1="1" ind2="0">
    <subfield code="a">East faces West :</subfield>
    <subfield code="b">impressions of a Turkish writer in India /</subfield>
    <subfield code="c">by Halid&#xE9; Edib ; introduced and edited by Mushirul Hasan</subfield>
  </datafield>
  <datafield tag="260" ind1=" " ind2=" ">
    <subfield code="a">New Delhi :</subfield>
    <subfield code="b">Academy of Third World Studies, Jamia Millia Islamia ;</subfield>
    <subfield code="a">Delhi :</subfield>
    <subfield code="b">Aakar Books,</subfield>
    <subfield code="c">2009</subfield>
  </datafield>
  <datafield tag="300" ind1=" " ind2=" ">
    <subfield code="a">264 p., [2] p. of plates :</subfield>
    <subfield code="b">ill. ;</subfield>
    <subfield code="c">23 cm.</subfield>
  </datafield>
  <datafield tag="500" ind1=" " ind2=" ">
    <subfield code="a">Includes index.</subfield>
  </datafield>
  <datafield tag="700" ind1="1" ind2=" ">
    <subfield code="a">Hasan, Mushirul.</subfield>
  </datafield>
  <datafield tag="700" ind1="1" ind2=" ">
    <subfield code="a">Ad&#x131;var, Halide Edib,</subfield>
  </datafield>
  <datafield tag="710" ind1="2" ind2=" ">
    <subfield code="a">Academy of Third World Studies.</subfield>
  </datafield>
  <datafield tag="942" ind1=" " ind2=" ">
    <subfield code="c">BK</subfield>
  </datafield>
  <datafield tag="952" ind1=" " ind2=" ">
    <subfield code="0">0</subfield>
    <subfield code="1">0</subfield>
    <subfield code="4">0</subfield>
    <subfield code="7">0</subfield>
    <subfield code="a">01</subfield>
    <subfield code="b">01</subfield>
    <subfield code="d">2021-04-09</subfield>
    <subfield code="l">0</subfield>
    <subfield code="o">956.1 EDI-E</subfield>
    <subfield code="p">137110</subfield>
    <subfield code="r">2021-04-09 00:00:00</subfield>
    <subfield code="w">2021-04-09</subfield>
    <subfield code="y">BK</subfield>
  </datafield>
</record>
